| 000 | 00725nas a2200253 4500 | ||
|---|---|---|---|
| 001 | BR7904359 | ||
| 003 | BR-BrBNA | ||
| 005 | 20231205083827.0 | ||
| 007 | ta | ||
| 008 | 230509b bl.|||p| |||| 00| 00por d | ||
| 040 |
_aBR-BrBNA _bpor _cBiblioteca Nacional de Agricultura |
||
| 041 | _a(Pt) | ||
| 072 | _aQ10; Q20 | ||
| 100 | 1 | _aVitti, P. | |
| 100 | 1 | _aLeitao, R.F.F. | |
| 100 | 1 | _aArima, H.K. | |
| 245 | 1 | _aGerme de trigo em pao | |
| 650 | _aPAO | ||
| 650 | _aINDUSTRIA ALIMENTICIA | ||
| 650 | _aGERME DE TRIGO | ||
| 773 | 0 |
_tBoletim do Instituto de Tecnologia de Alimentos (Brazil) _xISSN 0366-0281 _g(Jan 1979), v. 16(1) p. 91-98 _wBR7904359 |
|
| 909 |
_a202311 _bLúcia _c55 _dLúcia Elande |
||
| 942 |
_2AGRIS _n0 _cANA |
||
| 999 |
_c101434 _d101434 |
||